000 00752 a2200205 4500
999 _c7656
_d7656
020 _a0750622415
050 0 0 _aHF1416 PAL 1993
100 1 _aPaliwoda, Stanley J.
_eauthor
245 1 0 _aInternational marketing /
_cStanley J. Paliwoda. and Michael J Thomas
250 _a3rd ed.
264 _aOxford :
_bButterworth
_c1993
300 _axii, 509 p. :
_bill. ;
500 _aIncludes bibliographical references and index.
504 _aIncludes bibliographical references and index.
650 0 _aExport marketing.
700 _aThomas, Michael J
_eauthor
710 2 _aChartered Institute of Marketing.
942 _2lcc
_cBK
_e3rd
_h1416
_iPAL
_kHF